[Event "Chess24 Banter Blitz Cup"]
[Site "chess24.com INT"]
[Date "2020.01.20"]
[Round "2.10"]
[White "Bacrot, Etienne"]
[Black "Bartel, Mateusz"]
[Result "1/2-1/2"]
[WhiteTitle "GM"]
[BlackTitle "GM"]
[WhiteElo "2671"]
[BlackElo "2635"]
[WhiteFideId "605506"]
[BlackFideId "1112635"]
[EventDate "2019.09.25"]

1. e4 e6 2. d4 d5 3. Nc3 Nf6 4. e5 Nfd7 5. f4 c5 6. Nf3 Nc6 7. Be3 cxd4 8. Nxd4
Bc5 9. Qd2 O-O 10. O-O-O a6 11. Qf2 Nxd4 12. Bxd4 Bxd4 13. Qxd4 b5 14. Bd3 Rb8
15. h4 b4 16. Ne2 Qc7 17. h5 Nc5 18. Kb1 a5 19. g4 Bd7 20. f5 a4 21. h6 g6 22.
Nf4 Nxd3 23. cxd3 Qb6 24. Qxb6 Rxb6 25. Rc1 Bc6 26. fxe6 fxe6 27. Nxe6 Re8 28.
Nd4 Bd7 29. Rc7 Bxg4 30. Rhc1 g5 31. Rg7+ Kh8 32. Rxg5 Bh3 33. Rc6 Rxc6 34. Nxc6
b3 35. axb3 axb3 36. Rg1 Bf5 37. Rg3 Re6 38. Nd8 Re7 39. e6 Bg6 40. Kc1 Kg8 41.
Kd2 Re8 42. Nc6 Rxe6 43. Nd4 Rb6 44. Kc3 Kf8 45. Nxb3 Bf7 46. Rh3 Ke7 47. Nc5
Kf6 48. b4 Kg5 49. Rf3 Bg6 50. Rh3 Bf7 51. Nd7 Rc6+ 52. Kd4 Be6 53. Ne5 Rb6 54.
Rg3+ Kf4 55. Rf3+ Kg5 56. Kc5 Rb8 57. b5 Bg4 58. Rg3 Kf4 59. Rxg4+ Kxe5 60. Rg7
Rc8+ 61. Kb4 Rc3 62. Kxc3 d4+ 63. Kc4 Kf6 64. Rxh7 Kf5 65. Rd7 Kg6 66. Rxd4 Kxh6
67. b6 Kg5 68. b7 Kf5 69. b8=Q Kg5 70. Qe5+ Kg6 71. Rg4+ Kf7 1/2-1/2

[Event "Chess24 Banter Blitz Cup"]
[Site "chess24.com INT"]
[Date "2020.01.20"]
[Round "2.11"]
[White "Bartel, Mateusz"]
[Black "Bacrot, Etienne"]
[Result "0-1"]
[WhiteTitle "GM"]
[BlackTitle "GM"]
[WhiteElo "2635"]
[BlackElo "2671"]
[WhiteFideId "1112635"]
[BlackFideId "605506"]
[EventDate "2019.09.25"]

1. e4 c5 2. Ne2 Nc6 3. g3 g6 4. Bg2 Bg7 5. c3 h5 6. h3 d6 7. d4 cxd4 8. cxd4 Qb6
9. Nbc3 Nxd4 10. Be3 Qxb2 11. Rb1 Nc2+ 12. Kd2 Nxe3+ 13. Kxe3 Qa3 14. Qa4+ Qxa4
15. Nxa4 Nf6 16. Rhc1 Bd7 17. Nac3 Bc6 18. Nd4 O-O 19. Nxc6 bxc6 20. e5 dxe5 21.
Bxc6 Rac8 22. Nd5 Nxd5+ 23. Bxd5 Bh6+ 24. f4 exf4+ 25. gxf4 e6 26. Bb7 Rxc1 27.
Rxc1 e5 28. Kf3 Bxf4 29. Rc7 f5 30. Bd5+ Kh8 31. Rxa7 Bg5 32. a4 e4+ 33. Ke2 Rd8
34. Bf7 Kg7 35. Be8+ Kf6 36. Bd7 f4 37. Ra6+ Ke5 38. Re6+ Kd5 39. Rxg6 f3+ 40.
Kf1 Bh4 41. Bb5 Ke5 0-1

[Event "Chess24 Banter Blitz Cup"]
[Site "chess24.com INT"]
[Date "2020.01.20"]
[Round "2.12"]
[White "Bacrot, Etienne"]
[Black "Bartel, Mateusz"]
[Result "1-0"]
[WhiteTitle "GM"]
[BlackTitle "GM"]
[WhiteElo "2671"]
[BlackElo "2635"]
[WhiteFideId "605506"]
[BlackFideId "1112635"]
[EventDate "2019.09.25"]

1. e4 e6 2. d4 d5 3. Nc3 Bb4 4. exd5 exd5 5. Bd3 Nc6 6. a3 Bxc3+ 7. bxc3 Be6 8.
Ne2 Qd7 9. Ng3 O-O-O 10. O-O Nge7 11. Re1 Nf5 12. Qf3 Nxg3 13. Qxg3 f6 14. a4
Bf5 15. a5 Bxd3 16. cxd3 Rhe8 17. Be3 a6 18. Reb1 Re6 19. Rb2 Rde8 20. h3 g5 21.
Qg4 R6e7 22. Qh5 Qf5 23. c4 Rxe3 24. fxe3 Rxe3 25. Rf1 Qxd3 26. cxd5 Nxd4 27.
Qf7 Nb5 28. Qf8+ Kd7 29. Qxf6 Qxd5 30. Qf2 Rd3 31. Rb4 c5 32. Rg4 c4 33. Qf8 Kc6
34. Qc8+ Nc7 35. Rf6+ Kb5 36. Rf5 c3 37. Rxd5+ Nxd5 38. Rxg5 Kb4 39. Rg4+ Kb3
40. Qc4+ Kc2 41. Qa2+ Kd1 42. Rc4 Ne3 43. Kf2 c2 44. Rxc2 Nxc2 45. Qb1+ Kd2 46.
Qxb7 Kc3 47. Qc6+ Kd2 48. Qxa6 Nb4 49. Qh6+ Kc2 50. Qxh7 Kc3 51. Kg1 1-0

[Event "Chess24 Banter Blitz Cup"]
[Site "chess24.com INT"]
[Date "2020.01.20"]
[Round "2.13"]
[White "Bartel, Mateusz"]
[Black "Bacrot, Etienne"]
[Result "1-0"]
[WhiteTitle "GM"]
[BlackTitle "GM"]
[WhiteElo "2635"]
[BlackElo "2671"]
[WhiteFideId "1112635"]
[BlackFideId "605506"]
[EventDate "2019.09.25"]

1. e4 c5 2. Ne2 Nc6 3. g3 d5 4. Bg2 dxe4 5. Bxe4 Nf6 6. Bg2 g6 7. Nbc3 Bg7 8. d3
O-O 9. Bg5 Qd7 10. Qd2 b6 11. h4 h5 12. O-O-O Bb7 13. Nf4 Nd4 14. Bxb7 Qxb7 15.
Bxf6 Bxf6 16. Kb1 Bg7 17. g4 hxg4 18. h5 Nf3 19. Qe3 Bd4 20. Qe2 Bxc3 21. bxc3
g5 22. Ng6 Rfe8 23. Rdg1 e5 24. Rxg4 fxg6 25. Kb2 Rf8 26. hxg6 Qc6 27. Rh3 Rf6
28. g7 Kxg7 29. Rxf3 Qxf3 30. Rxg5+ Kf7 31. Qxe5 Re8 32. Qc7+ Re7 33. Qb8 Rg6
34. Re5 Rxe5 35. Qxe5 Qf6 36. Qd5+ Qe6 37. Qb7+ Qe7 38. Qd5+ Kf8 39. Qf5+ Rf6
40. Qh5 Qf7 41. Qh8+ Ke7 42. Qb8 Rxf2 43. Qxa7+ Kf8 44. Qxb6 Rf5 45. a4 Kg8 46.
a5 Rf6 47. Qb8+ Qf8 48. Qe5 Qf7 49. Qxc5 Qb7+ 50. Qb4 Qa6 51. c4 Rf7 52. Kc3 Rb7
53. Qc5 Qf6+ 54. Qd4 Qe7 55. Qd5+ Kf8 56. c5 1-0

[Event "Chess24 Banter Blitz Cup"]
[Site "chess24.com INT"]
[Date "2020.01.20"]
[Round "2.14"]
[White "Bacrot, Etienne"]
[Black "Bartel, Mateusz"]
[Result "1-0"]
[WhiteTitle "GM"]
[BlackTitle "GM"]
[WhiteElo "2671"]
[BlackElo "2635"]
[WhiteFideId "605506"]
[BlackFideId "1112635"]
[EventDate "2019.09.25"]

1. e4 e6 2. d4 d5 3. Nd2 Be7 4. Ngf3 Nf6 5. e5 Nfd7 6. Bd3 c5 7. c3 Nc6 8. O-O
g5 9. dxc5 Ndxe5 10. Nxe5 Nxe5 11. Bc2 Ng6 12. b4 e5 13. Re1 f6 14. Qh5 Kf7 15.
Nf3 Kg7 16. h4 e4 17. Nd4 Nxh4 18. f3 f5 19. g3 Ng6 20. g4 Qc7 21. gxf5 Qg3+ 22.
Kf1 Nh4 23. Qg4 Qxg4 24. fxg4 h5 25. c4 Bf6 26. Bb2 dxc4 27. Rxe4 hxg4 28. Rxg4
Nf3 29. Nxf3 Bxb2 30. Rxg5+ Kf7 31. Rd1 Rh1+ 32. Ng1 Bf6 33. Rg2 a5 34. Be4 Rh8
35. Bd5+ Kf8 36. Ne2 axb4 37. Ng3 b3 38. axb3 cxb3 39. Bxb3 b6 40. Ne4 Be5 41.
f6 Ba6+ 42. Kg1 bxc5 43. Rgd2 Bd4+ 44. Rxd4 cxd4 45. Rxd4 Bb7 46. Ng5 Rh6 47.
Rd7 Rxf6 48. Nh7+ Ke8 49. Nxf6+ Kf8 50. Rf7# 1-0

[Event "Chess24 Banter Blitz Cup"]
[Site "chess24.com INT"]
[Date "2020.01.20"]
[Round "2.15"]
[White "Bartel, Mateusz"]
[Black "Bacrot, Etienne"]
[Result "1-0"]
[WhiteTitle "GM"]
[BlackTitle "GM"]
[WhiteElo "2635"]
[BlackElo "2671"]
[WhiteFideId "1112635"]
[BlackFideId "605506"]
[EventDate "2019.09.25"]

1. e4 c5 2. Ne2 Nc6 3. Nbc3 g6 4. g3 h5 5. h3 Bg7 6. Bg2 d6 7. d3 Nf6 8. Bg5 Rb8
9. Qd2 b5 10. O-O Bd7 11. Rae1 b4 12. Nd1 Qb6 13. Ne3 e6 14. Nc4 Qc7 15. Qf4 e5
16. Qd2 O-O 17. f4 Nh7 18. f5 f6 19. Be3 g5 20. c3 Be8 21. d4 bxc3 22. bxc3 cxd4
23. cxd4 exd4 24. Nxd4 Nxd4 25. Qxd4 Rb4 26. Rc1 Bf7 27. Qxd6 Qxd6 28. Nxd6 Bxa2
29. Bxa7 Rd8 30. Bc5 Rb2 31. Rf2 Rxf2 32. Kxf2 Bf8 33. Nb7 Bxc5+ 34. Nxc5 Rd2+
35. Kg1 Nf8 36. e5 fxe5 37. Ne4 Rd3 38. Rc7 Kh8 39. Nxg5 Rxg3 40. Ne4 Rg7 41.
Rc8 Rf7 42. f6 Be6 43. Rb8 Bf5 44. Ng3 Bg6 45. Be4 Kh7 46. Kf2 Rxf6+ 47. Ke3 Ne6
48. Nxh5 Rf7 49. Ng3 Bxe4 50. Nxe4 Nf4 51. Ng5+ Kg6 52. Nxf7 Kxf7 53. h4 Kg6 54.
Ke4 Kh5 55. Rh8+ Kg4 56. h5 Nxh5 57. Rg8+ Kh4 58. Kxe5 Ng3 59. Kf4 Nh5+ 60. Kf3
Kh3 61. Rg5 Kh4 62. Rg6 Kh3 63. Rg5 Kh4 64. Rg6 Kh3 65. Rg8 Kh4 66. Rh8 Kg5 67.
Ke4 Nf6+ 68. Ke5 Kg6 69. Rf8 Kg7 70. Kd6 Nd7 71. Rf6 1-0

[Event "Chess24 Banter Blitz Cup"]
[Site "chess24.com INT"]
[Date "2020.01.20"]
[Round "2.16"]
[White "Bacrot, Etienne"]
[Black "Bartel, Mateusz"]
[Result "1-0"]
[WhiteTitle "GM"]
[BlackTitle "GM"]
[WhiteElo "2671"]
[BlackElo "2635"]
[WhiteFideId "605506"]
[BlackFideId "1112635"]
[EventDate "2019.09.25"]

1. e4 e6 2. d4 d5 3. Nc3 Nf6 4. e5 Nfd7 5. f4 c5 6. Nf3 Nc6 7. Be3 Be7 8. Qd2 b6
9. Bb5 Bb7 10. O-O O-O 11. Ne2 f5 12. c3 a6 13. Bd3 b5 14. Kh1 g6 15. Rg1 Kh8
16. g4 b4 17. Rg3 Qa5 18. h4 bxc3 19. bxc3 cxd4 20. Nexd4 Nxd4 21. Bxd4 Nc5 22.
h5 Ne4 23. Qh2 Nxg3+ 24. Qxg3 Rg8 25. Qh3 g5 26. fxg5 Bxg5 27. gxf5 Raf8 28.
Nxg5 Rxg5 29. fxe6 Bc8 30. e7 Re8 31. e6+ Kg8 32. Rf1 Qc7 33. Qf3 Qxe7 34. Qf7+
Qxf7 35. exf7+ Kf8 36. Bc5+ Re7 37. Bxe7+ Kxe7 38. f8=Q+ 1-0

[Event "Chess24 Banter Blitz Cup"]
[Site "chess24.com INT"]
[Date "2020.01.30"]
[Round "1.1"]
[White "Mihajlov, Sebastian"]
[Black "Dominguez Perez, Leinier"]
[Result "0-1"]
[WhiteTitle "IM"]
[BlackTitle "GM"]
[WhiteElo "2387"]
[BlackElo "2763"]
[WhiteFideId "1512110"]
[BlackFideId "3503240"]
[EventDate "2019.09.25"]
[EventType "blitz"]

1. d4 Nf6 2. c4 e6 3. Nc3 d5 4. cxd5 Nxd5 5. e4 Nxc3 6. bxc3 c5 7. Nf3 cxd4 8.
cxd4 Bb4+ 9. Bd2 Bxd2+ 10. Qxd2 O-O 11. Bc4 Nd7 12. O-O b6 13. Rfe1 Bb7 14. Rad1
Rc8 15. Bd3 Qc7 16. h4 h6 17. Rc1 Qd6 18. Qe3 Rxc1 19. Rxc1 Rc8 20. Rxc8+ Bxc8
21. Qc1 Bb7 22. a4 Qc6 23. Qd1 Qc3 24. Bb5 Nf6 25. d5 exd5 26. exd5 Bxd5 27. Nd4
Be4 28. Ne2 Qc7 29. Ng3 Bb7 30. Nf5 Qe5 31. Qd8+ Kh7 32. Bd3 Be4 33. Bxe4 Qxe4
34. Nd6 Qe1+ 35. Kh2 Qxf2 36. Nxf7 Ng4+ 37. Kh3 Qxf7 38. Kxg4 Qg6+ 39. Kh3 Qf5+
40. Kh2 h5 41. g3 Qf2+ 42. Kh3 Qf1+ 43. Kh2 Qf5 44. Qd4 Qg6 45. Qg1 Qc2+ 46. Kh3
Qxa4 47. Kh2 Qc2+ 48. Kh3 Qg6 49. Kh2 Qg4 50. Qd1 Qxd1 0-1

[Event "Chess24 Banter Blitz Cup"]
[Site "chess24.com INT"]
[Date "2020.01.30"]
[Round "1.2"]
[White "Dominguez Perez, Leinier"]
[Black "Mihajlov, Sebastian"]
[Result "0-1"]
[WhiteTitle "GM"]
[BlackTitle "IM"]
[WhiteElo "2763"]
[BlackElo "2387"]
[WhiteFideId "3503240"]
[BlackFideId "1512110"]
[EventDate "2019.09.25"]
[EventType "blitz"]

1. d4 d5 2. Nf3 c6 3. e3 Nf6 4. Bd3 e6 5. c4 Nbd7 6. O-O Bd6 7. b3 O-O 8. Bb2
Qe7 9. Nbd2 b6 10. Ne5 Bb7 11. f4 c5 12. Qf3 cxd4 13. exd4 Bb4 14. Qe2 Bxd2 15.
Qxd2 Ne4 16. Bxe4 dxe4 17. Nxd7 Qxd7 18. Qe3 Rfe8 19. Rad1 Rad8 20. h3 b5 21.
Rd2 bxc4 22. bxc4 Qa4 23. Rc1 Rc8 24. Rdc2 f6 25. Kh2 h6 26. Qg3 Kh7 27. h4 h5
28. Qf2 Ba6 29. Qe2 f5 30. Qxh5+ Kg8 31. d5 Qd7 32. Qg5 e3 33. dxe6 Rxe6 34. Rd1
Qf7 35. Qg3 e2 36. Re1 Rce8 37. Be5 Bb7 38. Rcxe2 Rg6 39. Qh3 Rg4 40. Bc3 Re4
41. Rxe4 Bxe4 42. Rxe4 Qg6 43. Re7 Qh6 44. Rxg7+ Rxg7 45. Bxg7 Kxg7 46. Qxf5
Qxh4+ 47. Kg1 Qe1+ 48. Kh2 Qd2 49. Qh3 Kf6 50. Qg3 Qc2 51. Qg5+ Kf7 52. Qe5 Qh7+
53. Kg3 Qd3+ 54. Kg4 Qe2+ 0-1

[Event "Chess24 Banter Blitz Cup"]
[Site "chess24.com INT"]
[Date "2020.01.30"]
[Round "1.3"]
[White "Mihajlov, Sebastian"]
[Black "Dominguez Perez, Leinier"]
[Result "1-0"]
[WhiteTitle "IM"]
[BlackTitle "GM"]
[WhiteElo "2387"]
[BlackElo "2763"]
[WhiteFideId "1512110"]
[BlackFideId "3503240"]
[EventDate "2019.09.25"]
[EventType "blitz"]

1. e4 d6 2. d4 Nf6 3. Nc3 g6 4. f4 Bg7 5. a3 O-O 6. Nf3 Na6 7. e5 dxe5 8. fxe5
Nd5 9. Ne4 Bf5 10. Ng3 Bg4 11. h3 Bd7 12. Bc4 Bc6 13. O-O b5 14. Ba2 Bb7 15. Qe2
c5 16. Qxb5 Qb6 17. Qxb6 axb6 18. c3 e6 19. Bg5 h6 20. Bd2 cxd4 21. cxd4 Rfc8
22. Rac1 Bf8 23. Ne4 Kg7 24. Nd6 Bxd6 25. exd6 Rxc1 26. Bxc1 Rd8 27. Ne5 f6 28.
Nc4 Nb8 29. Re1 Kf7 30. Bxh6 g5 31. h4 gxh4 32. Kh2 Rg8 33. Re2 Nd7 34. b4 Rg4
35. Rd2 Nc3 36. Bb3 Bd5 37. Ne3 Rg6 38. Nxd5 Nxd5 39. Bxd5 exd5 40. Re2 Rxh6 41.
Re7+ Kg6 42. Rxd7 Rh8 43. Rb7 Kf5 44. Rxb6 Ke4 45. a4 Kxd4 46. a5 Ke5 47. a6 d4
48. a7 Ra8 49. d7 d3 50. Rb8 d2 51. d8=Q 1-0

[Event "Chess24 Banter Blitz Cup"]
[Site "chess24.com INT"]
[Date "2020.01.30"]
[Round "1.4"]
[White "Dominguez Perez, Leinier"]
[Black "Mihajlov, Sebastian"]
[Result "1-0"]
[WhiteTitle "GM"]
[BlackTitle "IM"]
[WhiteElo "2763"]
[BlackElo "2387"]
[WhiteFideId "3503240"]
[BlackFideId "1512110"]
[EventDate "2019.09.25"]
[EventType "blitz"]

1. d4 Nf6 2. Nf3 g6 3. e3 Bg7 4. Be2 O-O 5. O-O d5 6. b4 c6 7. Bb2 Bf5 8. Nbd2
Nbd7 9. c4 Ne4 10. Nxe4 Bxe4 11. Nd2 Bf5 12. cxd5 cxd5 13. Qb3 Nf6 14. Rfc1 Qd6
15. b5 Rfc8 16. Ba3 Qd8 17. Bb4 Ne4 18. Nxe4 Bxe4 19. Qa3 e5 20. dxe5 Bxe5 21.
Rxc8 Rxc8 22. Rc1 Rxc1+ 23. Qxc1 Qh4 24. Qc8+ 1-0

[Event "Chess24 Banter Blitz Cup"]
[Site "chess24.com INT"]
[Date "2020.01.30"]
[Round "1.5"]
[White "Mihajlov, Sebastian"]
[Black "Dominguez Perez, Leinier"]
[Result "1-0"]
[WhiteTitle "IM"]
[BlackTitle "GM"]
[WhiteElo "2387"]
[BlackElo "2763"]
[WhiteFideId "1512110"]
[BlackFideId "3503240"]
[EventDate "2019.09.25"]
[EventType "blitz"]

1. e4 c5 2. Nf3 d6 3. d4 cxd4 4. Nxd4 Nf6 5. Nc3 a6 6. f3 e5 7. Nb3 Be6 8. Be3
h5 9. Nd5 Bxd5 10. exd5 Nbd7 11. Qd2 g6 12. O-O-O Qc7 13. Kb1 Bg7 14. h3 O-O 15.
g4 Rfc8 16. c4 a5 17. Rc1 a4 18. Na1 a3 19. b3 Nc5 20. Rg1 hxg4 21. hxg4 e4 22.
f4 Nfd7 23. Rh1 Qd8 24. g5 Qe7 25. Bd4 f5 26. gxf6 Nxf6 27. Bh3 Re8 28. Qg2 Qf7
29. Rcg1 Nd3 30. Be6 Rxe6 31. dxe6 Qe8 32. Bxf6 Bxf6 33. Qxg6+ Qxg6 34. Rxg6+
Bg7 35. Rhg1 1-0

[Event "Chess24 Banter Blitz Cup"]
[Site "chess24.com INT"]
[Date "2020.01.30"]
[Round "1.6"]
[White "Dominguez Perez, Leinier"]
[Black "Mihajlov, Sebastian"]
[Result "1-0"]
[WhiteTitle "GM"]
[BlackTitle "IM"]
[WhiteElo "2763"]
[BlackElo "2387"]
[WhiteFideId "3503240"]
[BlackFideId "1512110"]
[EventDate "2019.09.25"]
[EventType "blitz"]

1. e4 e6 2. d4 d5 3. Nc3 Nf6 4. e5 Nfd7 5. Nce2 c5 6. c3 Nc6 7. Nf3 Be7 8. Nf4
Qb6 9. a3 O-O 10. h4 cxd4 11. cxd4 f6 12. Nxe6 Re8 13. Nf4 fxe5 14. dxe5 Ndxe5
15. Nxe5 Nxe5 16. Qxd5+ Kf8 17. Bb5 Bb4+ 18. axb4 Nd3+ 19. Kd1 Bg4+ 20. f3 Nxb4
21. Qc4 Rad8+ 22. Bd2 Rxd2+ 23. Kxd2 Qe3+ 24. Kd1 Rd8+ 25. Nd3 Rxd3+ 26. Qxd3
Nxd3 27. fxg4 Nf2+ 28. Kc2 Nxh1 29. Rf1+ Ke7 30. Rxh1 Qe4+ 31. Kc3 Qe5+ 32. Kb4
Qd6+ 33. Ka4 Qb6 34. Re1+ Kd6 35. Re4 Kc5 36. Rc4+ Kd5 37. Rb4 Qc5 38. Kb3 a6
39. Bc4+ Kd4 40. Bd3+ Kxd3 41. Rb6 Qc4+ 42. Ka3 1-0

[Event "Chess24 Banter Blitz Cup"]
[Site "chess24.com INT"]
[Date "2020.01.30"]
[Round "1.7"]
[White "Mihajlov, Sebastian"]
[Black "Dominguez Perez, Leinier"]
[Result "1-0"]
[WhiteTitle "IM"]
[BlackTitle "GM"]
[WhiteElo "2387"]
[BlackElo "2763"]
[WhiteFideId "1512110"]
[BlackFideId "3503240"]
[EventDate "2019.09.25"]
[EventType "blitz"]

1. e4 e5 2. Nf3 Nc6 3. Bc4 Bc5 4. c3 Nf6 5. d4 exd4 6. cxd4 Bb4+ 7. Nbd2 Bxd2+
8. Bxd2 Nxe4 9. d5 Ne7 10. O-O Nxd2 11. Qxd2 d6 12. Rfe1 O-O 13. Rac1 Bd7 14. h4
h6 15. h5 Re8 16. Bb3 Kf8 17. Qc2 Rc8 18. Nd4 Ng8 19. Qh7 Rxe1+ 20. Rxe1 Qf6 21.
Ne6+ Bxe6 22. dxe6 Re8 23. Qxg8+ 1-0

[Event "Chess24 Banter Blitz Cup"]
[Site "chess24.com INT"]
[Date "2020.01.30"]
[Round "1.8"]
[White "Dominguez Perez, Leinier"]
[Black "Mihajlov, Sebastian"]
[Result "1-0"]
[WhiteTitle "GM"]
[BlackTitle "IM"]
[WhiteElo "2763"]
[BlackElo "2387"]
[WhiteFideId "3503240"]
[BlackFideId "1512110"]
[EventDate "2019.09.25"]
[EventType "blitz"]

1. e4 e5 2. Nf3 Nc6 3. Bc4 Nf6 4. d3 Bc5 5. c3 d6 6. Nbd2 h6 7. Nf1 a6 8. Ng3
O-O 9. Bb3 Be6 10. Bc2 d5 11. exd5 Bxd5 12. O-O Re8 13. Re1 Qd7 14. h3 Rad8 15.
Nh4 Be6 16. Qf3 Bd5 17. Ne4 Nxe4 18. dxe4 Be6 19. Nf5 Ne7 20. Qg4 Ng6 21. h4
Bxf5 22. exf5 Nf4 23. Bxf4 exf4 24. Qxf4 Rxe1+ 25. Rxe1 Qd2 26. Re8+ Kh7 27. f6+
g6 28. Bxg6+ Kxg6 29. h5+ Kxh5 30. Qf5+ Qg5 31. Qxg5+ Kxg5 32. Rxd8 Kxf6 33. Rd7
Bd6 34. Kf1 Ke6 35. Rd8 h5 36. Ra8 h4 37. f3 b5 38. a4 a5 39. Rxa5 bxa4 40. Rxa4
Bg3 41. Ra6+ Ke5 42. Ra8 Kf4 43. Rh8 Ke3 44. Rh5 Kd3 45. Rf5 Kc2 46. Rxf7 Kxb2
47. c4 Kc2 48. c5 Kd3 49. c6 Be5 50. Re7 Bd6 51. Re6 Kc4 52. Rxd6 1-0

[Event "Chess24 Banter Blitz Cup"]
[Site "chess24.com INT"]
[Date "2020.01.30"]
[Round "1.9"]
[White "Mihajlov, Sebastian"]
[Black "Dominguez Perez, Leinier"]
[Result "0-1"]
[WhiteTitle "IM"]
[BlackTitle "GM"]
[WhiteElo "2387"]
[BlackElo "2763"]
[WhiteFideId "1512110"]
[BlackFideId "3503240"]
[EventDate "2019.09.25"]
[EventType "blitz"]

1. e4 e5 2. Nf3 Nc6 3. Bc4 Bc5 4. O-O Nf6 5. d4 Bxd4 6. Nxd4 Nxd4 7. f4 d6 8.
fxe5 dxe5 9. Bg5 Qe7 10. Na3 Be6 11. c3 Nc6 12. Bxe6 Qxe6 13. Bxf6 gxf6 14. Kh1
Rg8 15. Nb5 Rc8 16. Qf3 a6 17. Na3 Rd8 18. Nc2 Rd2 19. Ne3 Ne7 20. b3 Qc6 21. c4
Rd4 22. Ng4 f5 23. Nxe5 Qxe4 24. Rae1 Qxf3 25. Nxf3 Re4 26. Rd1 Re2 27. g3 Rg6
28. Rfe1 Rxe1+ 29. Rxe1 Re6 30. Rd1 Re2 31. a3 Re3 32. Rd3 Rxd3 0-1

[Event "Chess24 Banter Blitz Cup"]
[Site "chess24.com INT"]
[Date "2020.01.30"]
[Round "1.10"]
[White "Dominguez Perez, Leinier"]
[Black "Mihajlov, Sebastian"]
[Result "1-0"]
[WhiteTitle "GM"]
[BlackTitle "IM"]
[WhiteElo "2763"]
[BlackElo "2387"]
[WhiteFideId "3503240"]
[BlackFideId "1512110"]
[EventDate "2019.09.25"]
[EventType "blitz"]

1. e4 e5 2. Nf3 Nc6 3. Bc4 Bc5 4. c3 Nf6 5. d3 d6 6. O-O h6 7. a4 a5 8. Re1 O-O
9. h3 Re8 10. Nbd2 Be6 11. Bb5 Bd7 12. Nf1 Ne7 13. Bxd7 Qxd7 14. Ng3 Ng6 15. d4
exd4 16. cxd4 Bb4 17. Re2 Rad8 18. Qd3 c6 19. Bd2 Bxd2 20. Qxd2 d5 21. e5 Ne4
22. Nxe4 dxe4 23. Rxe4 Qd5 24. Qc2 c5 25. Rae1 cxd4 26. Rxd4 Qe6 27. Rc4 Rd5 28.
b4 axb4 29. Rxb4 Nxe5 30. Nxe5 Rxe5 31. Rxe5 Qxe5 32. Rxb7 Qa1+ 33. Rb1 Qa3 34.
Qc6 Rd8 35. Qc4 g6 36. Rb7 Qa1+ 37. Kh2 Qe5+ 38. f4 Qf6 39. a5 Rd4 40. Rxf7 Qd6
41. Rf6+ Rxc4 42. Rxd6 Rxf4 43. Rxg6+ Kf7 44. Rg4 Ra4 45. Rxa4 1-0

[Event "Chess24 Banter Blitz Cup"]
[Site "chess24.com INT"]
[Date "2020.01.30"]
[Round "1.11"]
[White "Mihajlov, Sebastian"]
[Black "Dominguez Perez, Leinier"]
[Result "1-0"]
[WhiteTitle "IM"]
[BlackTitle "GM"]
[WhiteElo "2387"]
[BlackElo "2763"]
[WhiteFideId "1512110"]
[BlackFideId "3503240"]
[EventDate "2019.09.25"]
[EventType "blitz"]

1. f4 c5 2. Nf3 g6 3. g3 Bg7 4. Bg2 Nc6 5. O-O d6 6. d3 Nf6 7. Nc3 O-O 8. e4 Rb8
9. h3 b5 10. g4 b4 11. Ne2 Bb7 12. Ng3 Nd7 13. h4 Ba6 14. h5 c4 15. Kh2 cxd3 16.
cxd3 Nc5 17. Ne1 Nd4 18. g5 Rc8 19. Be3 b3 20. axb3 Qb6 21. f5 Be5 22. f6 exf6
23. gxf6 d5 24. Qg4 Nxd3 25. Bxd4 Bxd4 26. hxg6 hxg6 27. Nf5 Be5+ 28. Kh1 Nf2+
29. Rxf2 Qxf2 30. Ne7+ Kh7 31. Qh3+ 1-0

[Event "Chess24 Banter Blitz Cup"]
[Site "chess24.com INT"]
[Date "2020.01.30"]
[Round "1.12"]
[White "Dominguez Perez, Leinier"]
[Black "Mihajlov, Sebastian"]
[Result "1-0"]
[WhiteTitle "GM"]
[BlackTitle "IM"]
[WhiteElo "2763"]
[BlackElo "2387"]
[WhiteFideId "3503240"]
[BlackFideId "1512110"]
[EventDate "2019.09.25"]
[EventType "blitz"]

1. e4 c5 2. Nf3 Nc6 3. d4 cxd4 4. Nxd4 e5 5. Nb5 d6 6. N1c3 a6 7. Na3 Be6 8. Nc4
Rb8 9. g3 h5 10. h3 Nd4 11. Ne3 Nf6 12. Bg2 h4 13. g4 g6 14. Ncd5 Nxd5 15. exd5
Bd7 16. a4 f5 17. c3 f4 18. cxd4 fxe3 19. Bxe3 Bg7 20. O-O O-O 21. Qd3 Qf6 22.
dxe5 dxe5 23. Be4 Bf5 24. gxf5 gxf5 25. Bxf5 Qxf5 26. Qxf5 Rxf5 27. Rfd1 Rd8 28.
Rac1 Rd7 29. d6 e4 30. b4 Be5 31. Rc5 Kf7 32. Rc4 Bxd6 33. Rcd4 Rf6 34. Kf1 Re6
35. Bf4 Ke7 36. Ke2 Rg6 37. Rxe4+ Kf7 38. Red4 Re7+ 39. Be3 Bf4 40. Rd7 Kg8 41.
Rxe7 Bxe3 42. Kxe3 Rf6 43. Rd8+ 1-0

[Event "Chess24 Banter Blitz Cup"]
[Site "chess24.com INT"]
[Date "2020.01.30"]
[Round "1.13"]
[White "Mihajlov, Sebastian"]
[Black "Dominguez Perez, Leinier"]
[Result "0-1"]
[WhiteTitle "IM"]
[BlackTitle "GM"]
[WhiteElo "2387"]
[BlackElo "2763"]
[WhiteFideId "1512110"]
[BlackFideId "3503240"]
[EventDate "2019.09.25"]
[EventType "blitz"]

1. e4 c5 2. Nf3 d6 3. d4 cxd4 4. Nxd4 Nf6 5. Nc3 a6 6. f3 e5 7. Nb3 Be6 8. Be3
h5 9. Nd5 Bxd5 10. exd5 Nbd7 11. Qd2 Qc7 12. c4 g6 13. Rc1 Ng8 14. Be2 Bh6 15.
f4 exf4 16. Bxf4 Bxf4 17. Qxf4 Ngf6 18. c5 Nxd5 19. cxd6 Nxf4 20. Rxc7 g5 21.
Bf3 Rh6 22. Bxb7 Rb8 23. Bc6 Rxd6 24. Nc5 Rxc6 25. Rxc6 Nxc5 26. Rxc5 Nd3+ 0-1

[Event "Chess24 Banter Blitz Cup"]
[Site "chess24.com INT"]
[Date "2020.01.30"]
[Round "1.14"]
[White "Dominguez Perez, Leinier"]
[Black "Mihajlov, Sebastian"]
[Result "1-0"]
[WhiteTitle "GM"]
[BlackTitle "IM"]
[WhiteElo "2763"]
[BlackElo "2387"]
[WhiteFideId "3503240"]
[BlackFideId "1512110"]
[EventDate "2019.09.25"]
[EventType "blitz"]

1. e4 e6 2. d4 d5 3. Nc3 Nf6 4. e5 Nfd7 5. Nce2 c5 6. c3 Nc6 7. Nf3 Be7 8. Nf4
O-O 9. h4 Qb6 10. Bd3 cxd4 11. Bxh7+ Kh8 12. Ng5 g6 13. Nxg6+ fxg6 14. Bxg6 Kg7
15. Qh5 Ndxe5 16. Qh7+ Kf6 17. Ne4+ dxe4 18. Bg5# 1-0